00266nam a22000977a 450000500170000000800410001702000150005804000080007324500370008126000500011820201207152357.0201207b ||||| |||| 00| 0 eng d a0039101622 cCML aReading in Psychology.cChild D. aNew castlebHolt, Rinehart and winstonc1976